Vývoj a perspektívy svetovej ekonomiky hľadanie možných ciest oživenia v čase pretrvávajúcej krízy dôvery
Guardado en:
| Autor principal: | |
|---|---|
| Otros Autores: | , , , , , , , , , , , , |
| Formato: | Libro |
| Lenguaje: | eslovaco inglés |
| Publicado: |
Bratislava
Veda
2013
|
| Edición: | 1. vyd. |
| Materias: | |
| Etiquetas: |
Sin Etiquetas, Sea el primero en etiquetar este registro!
|
MARC
| LEADER | 00000nam a2200000 4500 | ||
|---|---|---|---|
| 001 | 0179424 | ||
| 005 | 20240213124853.0 | ||
| 020 | |a 978-80-224-1311-4 | ||
| 020 | |a 978-80-7144-210-3 | ||
| 041 | 0 | |a slo | |
| 041 | 0 | |a eng | |
| 044 | |a SK | ||
| 245 | 1 | 0 | |a Vývoj a perspektívy svetovej ekonomiky |b hľadanie možných ciest oživenia v čase pretrvávajúcej krízy dôvery |c Saleh Mothana Obadi a kolektív ; recenzenti: Peter Baláž, Vladimír Gonda |
| 250 | |a 1. vyd. | ||
| 264 | 1 | |a Bratislava |b Veda |c 2013 | |
| 300 | |a 396 s. | ||
| 610 | 2 | 0 | |a hospodárstvo svetové |
| 610 | 2 | 0 | |a globalizácia hospodárstva |
| 610 | 2 | 0 | |a trh práce |
| 610 | 2 | 0 | |a kríza hospodárska |
| 610 | 2 | 0 | |a vývoj hospodársky |
| 610 | 2 | 0 | |a rast hospodársky |
| 610 | 2 | 0 | |a oživenie |
| 610 | 2 | 0 | |a obchod svetový |
| 610 | 2 | 0 | |a trh finančný medzinárodný |
| 610 | 2 | 0 | |a eurozóna |
| 610 | 2 | 0 | |a Európska únia |
| 610 | 2 | 0 | |a USA |
| 610 | 2 | 0 | |a Japonsko |
| 610 | 2 | 0 | |a BRIC |
| 100 | 1 | |a Obadi, Saleh Mothana | |
| 700 | 1 | |a Abdová, Mariam | |
| 700 | 1 | |a Brzica, Daneš | |
| 700 | 1 | |a Bujňáková, Tatiana | |
| 700 | 1 | |a Dováľová, Gabriela, 1982- | |
| 700 | 1 | |a Hošoff, Boris | |
| 700 | 1 | |a Hvozdíková, Veronika | |
| 700 | 1 | |a Sivák, Rudolf, 1955- | |
| 700 | 1 | |a Staněk, Peter | |
| 700 | 1 | |a Šikula, Milan | |
| 700 | 1 | |a Šikulová, Ivana | |
| 700 | 1 | |a Vokoun, Jaroslav | |
| 700 | 1 | |a Baláž, Peter | |
| 700 | 1 | |a Gonda, Vladimír | |